Представление документа в формате RUSMARC

ПолеНазваниеЗначение
  Тип записи a
  Библиографический уровень m
001 Контрольный номер f87e4287d910486fa87032c8fba8651f
005 Дата корректировки 20251222105755.9
010 Индекс ISBN __
a ISBN 978-5-386-14582-8
d Цена 670-44
100 Данные общей обработки __
a Данные общей обработки 20240729d2022####am#y0rusy50######ca
101 Язык документа 0_
a Язык текста rus
102 Страна публикации __
a Страна публикации RU
200 Заглавие и сведения об ответственности 1_
a Заглавие Женщинам о мужчинах
e Сведения, относящиеся к заглавию секреты счастливой жизни
f Первые сведения об ответственности Олег Рой
210 Выходные данные 1_
a Место издания Москва
c Издательство РИПОЛ Классик
d Дата издания 2022
215 Физическое описание __
a Объем 189, [2] с.
225 Серия (Журнальная рубрика) 2_
a Серия (Журнальная рубрика) Секреты счастливой жизни
330 Аннотация __
a Аннотация Автор рассказывает о любви и взаимоотношениях между женщинами и мужчинами, делится полезными секретами, отрывками из романов и стереотипами по теме.
333 Примечание о целевом назначении __
a Примечание о целевом назначении 16+
606 Тематические рубрики __
a Основная рубрика Психология
606 Тематические рубрики __
a Основная рубрика Психология личности
610 Ключевые слова 0_
a Ключевые слова гендерная психология
a Ключевые слова мужчины (психология)
a Ключевые слова женщины (психология)
a Ключевые слова мужчины и женщины (психология)
a Ключевые слова психология женщин и мужчин
a Ключевые слова взаимоотношения (психология)
a Ключевые слова общение (психология)
a Ключевые слова отношения мужчины и женщины (психология)
a Ключевые слова гендерное самоопределение (психология)
a Ключевые слова гендерные особенности (психология)
a Ключевые слова семья (психология)
a Ключевые слова дети (психология)
a Ключевые слова популярная психология
686 Индексы других классификаций __
a Индекс ББК 88.3
700 Автор _1
a Фамилия Рой
b Имя О.
g Полное личное имя Олег
790 Имя лица - альтернативная форма _1
a Имя лица - альтернативная форма Резепкин
b Имя О. Ю.
g Полное личное имя Олег Юрьевич
801 Источник записи _0
a Страна RU
b Организация Центральная районная библиотека им. Г. А. Пирожникова
c Дата составления 20240729
g Правила каталогизации bzbo
801 Источник записи _1
a Страна RU
b Организация Центральная районная библиотека им. Г. А. Пирожникова
c Дата составления 20240729
g Правила каталогизации bzbo
852 Данные о местонахождении __
i Авторский знак Р 659
j Шифр хранения 88.3
901 Тип документа __
t Тип документа m
902 Роль лиц __
a Создатель БЗ ОКиО/Колмакова